| 000 | 01006nam a22002297a 4500 | ||
|---|---|---|---|
| 001 | 8671 | ||
| 003 | FISKH | ||
| 005 | 20251009104930.0 | ||
| 008 | 251009b cb ||||| |||| 00| 0 eng d | ||
| 020 | _a9781107631311 | ||
| 040 |
_aFISKH _beng _cFISKH _dFISKH |
||
| 082 | _a510.712 | ||
| 100 | _aMoseley, Cherri | ||
| 245 |
_aCambridge primary Mathematics learner’s book stage 1/ _cCherri Moseley and Janet Rees |
||
| 260 |
_aNew York : _bCambridge, _c2014. |
||
| 300 |
_a90 pages : _bcolor illustrations ; _c28 cm |
||
| 520 | _aCambridge Primary Mathematics Learner’s Book Stage 1 introduces young learners to basic mathematical concepts through hands-on activities, visual learning, and problem-solving exercises. It follows the Cambridge Primary Mathematics curriculum and encourages critical thinking and confidence in using numbers. | ||
| 650 |
_aMathematics _vStudy and teaching _xProblem solving _yNumeracy skills |
||
| 700 |
_aRees, Janet _eAuthor |
||
| 942 |
_2ddc _cBK _n0 |
||
| 999 |
_c8671 _d8671 |
||